000 00609nam a2200241Ia 4500
003 OSt
005 20220928125422.0
006 a|||||r|||| 00| 0
007 ta
008 220927b |||||||| |||| 00| 0 eng d
024 _a27516
037 _cTextual
040 _aSDCL
_cSDCL
_beng
041 _2eng
_aeng
082 _aJ :1, M4
100 _aBrady Nyle C
245 0 _aNature and properties of soils.
250 _a9
260 _aNew York
_b MacMillan Publishing
_c1984
300 _axvii,750p.
_ccm.
942 _hJ :1, M4
_cTEXL
_2CC
999 _c782186
_d782186